MARC details
| 000 -CABECERA |
| campo de control de longitud fija |
03479nam a2200373 a 4500 |
| 001 - NÚMERO DE CONTROL |
| campo de control |
000113424 |
| 003 - IDENTIFICADOR DEL NÚMERO DE CONTROL |
| campo de control |
CHAP |
| 005 - FECHA Y HORA DE LA ÚLTIMA TRANSACCIÓN |
| campo de control |
20260303122019.0 |
| 008 - DATOS DE LONGITUD FIJA--INFORMACIÓN GENERAL |
| campo de control de longitud fija |
170621s2016 mx sm |||||||spa d |
| 040 ## - FUENTE DE LA CATALOGACIÓN |
| Centro/agencia transcriptor |
CHAP |
| 090 ## - LOCALMENTE ASIGNADO TIPO-LC NÚMERO DE CLASIFICACIÓN (OCLC); NÚMERO DE CLASIFICACIÓN LOCAL (RLIN) |
| Número de clasificación (OCLC) (R) ; Numero de clasificación, CALL (RLIN) (NR) |
Tesis |
| 100 1# - ENTRADA PRINCIPAL--NOMBRE DE PERSONA |
| Nombre de persona |
López Arias, Claudia de los Ángeles |
| 9 (RLIN) |
132686 |
| 245 10 - MENCIÓN DE TÍTULO |
| Título |
Evaluación in vitro de la actividad antibacterian del extracto de chilchahua (Tagetes nelsonii) y estafiate (Artemisia ludoviciana subsp, mexicana) sobre una cepa de Escherichia coli / |
| Mención de responsabilidad, etc. |
por Claudia de los Ángeles López Arias. |
| 264 ## - PRODUCCIÓN, PUBLICACIÓN, DISTRIBUCIÓN, FABRICACIÓN Y COPYRIGHT |
| Producción, publicación, distribución, fabricación y copyright |
Chapingo, Méx. : |
| Nombre del de productor, editor, distribuidor, fabricante |
El autor, |
| Fecha de producción, publicación, distribución, fabricación o copyright |
2016. |
| 300 ## - DESCRIPCIÓN FÍSICA |
| Extensión |
1 recurso en línea (120 páginas). |
| 336 ## - TIPO DE CONTENIDO |
| Fuente |
rdacontent |
| Término de tipo de contenido |
texto |
| Código de tipo de contenido |
txt |
| 337 ## - TIPO DE MEDIO |
| Fuente |
rdamedia |
| Nombre/término del tipo de medio |
computadora |
| Código del tipo de medio |
c |
| 338 ## - TIPO DE SOPORTE |
| Fuente |
rdacarrier |
| Nombre/término del tipo de soporte |
recurso en línea |
| Código del tipo de soporte |
cr |
| 502 ## - NOTA DE TESIS |
| Tipo de título |
(Ingeniero Agroindustrial) -- |
| Nombre de la institución que otorga el título |
Departamento de Ingeniería Agroindustrial, |
| Año de obtención del título |
2016. |
| 520 ## - SUMARIO, ETC. |
| Sumario, etc. |
La diversidad biológica de México es una de las mayores en el planeta y por su ubicación geográfica privilegiada abundan ecosistemas en los que encontramos diferentes tipos de vegetación. Así mismo, una gran parte de esta diversidad se encuentra en Chiapas, la región de los Altos se caracteriza por tener gran complejidad etnomédica (medicina indígena). Los indígenas han identificado empíricamente casi 1800 especies de plantas medicinales, de las cuales, entre 600 y 700 son conocidas ampliamente; sin embargo, soló 64 integran el llamado cuadro básico de la farmacopea Tzeltal-Tzotzil (Castro, 2000; Trujillo et al., 2001). Plantas pertenecientes a la familia Asteraceae han demostrado diversas propiedades biológicas que afectan a diversos organismos, desde bacterias, hongos, virus, ácaros e insectos. Por lo anterior, se planteó el siguiente trabajo de investigación para evaluar las propiedades antibacterianas que tiene Tagetes nelsonii Greenm y Artemisia ludoviciana subsp. mexicana, aislando las sustancias activas bajo un método de extracción y evidenciar el efecto de sus compuestos sobre una cepa de Escherichia coli. Los métodos usados para medir la actividad bacteriana de los extractos contra la bacteria fueron: cinética de crecimiento y la prueba de susceptibilidad antibacteriana por difusión en disco bajo el método Kirby Bauer. Se evaluaron 6 tratamientos con varias repeticiones, mediante el diseño experimental completamente al azar y la prueba de rangos multiples de Tukey (error: 0.05), este análisis evidencio que porcentaje de inhibición esta en relación a la concentración de los tratamientos y se demostró el efecto de resistencia antibacteriana de E. coli frente al extracto de A. ludoviciana contrario a T. nelsonii el cual mostro sensibilidad intermedia. La discrepancia en los resultados pudo ser consecuencia del mecanismo de acción, la técnica de extracción o bien la metodología utilizada. Por lo anterior este estudio no se puede generalizar a otras bacterias y otras especies. |
| 650 14 - PUNTO DE ACCESO ADICIONAL DE MATERIA--TÉRMINO DE MATERIA |
| Término de materia o nombre geográfico como elemento de entrada |
Artemisia ludoviciana |
| Subdivisión general |
Como bactericida. |
| 9 (RLIN) |
132688 |
| 650 14 - PUNTO DE ACCESO ADICIONAL DE MATERIA--TÉRMINO DE MATERIA |
| Término de materia o nombre geográfico como elemento de entrada |
Escherichia coli |
| Subdivisión general |
Control. |
| 9 (RLIN) |
132310 |
| 650 14 - PUNTO DE ACCESO ADICIONAL DE MATERIA--TÉRMINO DE MATERIA |
| Término de materia o nombre geográfico como elemento de entrada |
Extractos vegetales |
| Subdivisión general |
Efecto en bacterias. |
| 9 (RLIN) |
132309 |
| 650 14 - PUNTO DE ACCESO ADICIONAL DE MATERIA--TÉRMINO DE MATERIA |
| Término de materia o nombre geográfico como elemento de entrada |
Tagetes |
| Subdivisión general |
Como bactericida. |
| 9 (RLIN) |
132689 |
| 856 ## - LOCALIZACIÓN Y ACCESO ELECTRÓNICOS |
| Identificador Uniforme del Recurso |
http://10.13.5.2/tesis/sist113424.pdf |
| Nota pública |
DESCARGAR PDF |
| 942 ## - ELEMENTOS DE PUNTO DE ACCESO ADICIONAL (KOHA) |
| Tipo de ítem Koha |
Tesis digital |
| Fuente del sistema de clasificación o colocación |
Clasificación Universidad Autónoma Chapingo |
| 590 ## - NOTA LOCAL (RLIN) |
| Nota local |
BATCH-UPD |
| Procedencia (VM) [OBSOLETO] |
05 |
| Condición del los carretes individuales (VM) [OBSOLETO] |
20170622 |
| 590 ## - NOTA LOCAL (RLIN) |
| Nota local |
E8697GMM |
| Procedencia (VM) [OBSOLETO] |
05 |
| Condición del los carretes individuales (VM) [OBSOLETO] |
20170621 |
| 590 ## - NOTA LOCAL (RLIN) |
| Nota local |
E8697GMM |
| Procedencia (VM) [OBSOLETO] |
05 |
| Condición del los carretes individuales (VM) [OBSOLETO] |
20170621 |
| 590 ## - NOTA LOCAL (RLIN) |
| Nota local |
E8697GMM |
| Procedencia (VM) [OBSOLETO] |
05 |
| Condición del los carretes individuales (VM) [OBSOLETO] |
20170622 |
| 590 ## - NOTA LOCAL (RLIN) |
| Nota local |
E8697GMM |
| Procedencia (VM) [OBSOLETO] |
05 |
| Condición del los carretes individuales (VM) [OBSOLETO] |
20170622 |